000 00823nas a2200229 4500
001 BR7306138
003 BR-BrBNA
005 20231205082600.0
007 ta
008 230509b bl.|||p| |||| 00| 00por d
040 _aBR-BrBNA
_bpor
_cBiblioteca Nacional de Agricultura
041 _a(Pt)
072 _aL40
100 1 _aDe Martin, B.W.
245 1 _aStudy on the thyroid function of thoroughbred horses by means of in vitro 125 I-T 3 modified and 125 I-T 4 tests [puro sangue ingles, tireoide]
650 _aANATOMIA ANIMAL
650 _aPURO SANGUE INGLES
650 _aTIREOIDE
773 0 _tRevista da Faculdade de Medicina Veterinaria e Zootecnia da Universidade de Sao Paulo (Brazil)
_xISSN 0303-7525
_g(1975), v. 12 p. 107-120
_wBR7306138
909 _a202311
_bLúcia
_c55
_dLúcia Elande
942 _2AGRIS
_n0
_cANA
999 _c92988
_d92988